|
|
|
|
| LEADER |
00879nam a2200241 i 4500 |
| 001 |
acta58516 |
| 005 |
20240531143526.0 |
| 008 |
190515s2015 hu o 000 hun d |
| 020 |
|
|
|a 978-615-5372-34-6
|
| 024 |
7 |
|
|a 10.14232/belvbook.2015.58516
|2 doi
|
| 040 |
|
|
|a SZTE Egyetemi Kiadványok Repozitórium
|b hun
|
| 041 |
|
|
|a hun
|
| 100 |
1 |
|
|a Szabó Andrea
|
| 245 |
1 |
3 |
|a Az egyetemisták és főiskolások Magyarországon, 2015
|h [elektronikus dokumentum] /
|c Szabó Andrea
|
| 260 |
|
|
|a Belvedere Meridionale
|b Szeged
|c 2015
|
| 300 |
|
|
|a 83
|c 21 cm
|
| 300 |
|
|
|a 1-83
|c 21 cm
|
| 561 |
|
|
|a Belvedere Meridionale kötetek
|
| 650 |
|
4 |
|a Társadalomtudományok
|
| 650 |
|
4 |
|a Oktatástudomány
|
| 650 |
|
4 |
|a Szociológia
|
| 695 |
|
|
|a Felsőoktatás - Magyarország - statisztika - éves
|
| 856 |
4 |
0 |
|u http://acta.bibl.u-szeged.hu/58516/1/2015_egyetemistak_es_foiskolasok.pdf
|z Dokumentum-elérés
|